NetRegs (Record no. 120577)

MARC details
000 -LEADER
fixed length control field 01153cai a22002055a 4500
001 - CONTROL NUMBER
control field ##L136499
008 - FIXED-LENGTH DATA ELEMENTS--GENERAL INFORMATION
fixed length control field 070205n xxk 000 0 eng u
035 ## - SYSTEM CONTROL NUMBER
System control number (Sirsi) u136499
041 0# - LANGUAGE CODE
Language code of text/sound track or separate title eng
110 1# - MAIN ENTRY--CORPORATE NAME
Corporate name or jurisdiction name as entry element England and Wales
Subordinate unit Environment Agency
9 (RLIN) 2469
245 00 - TITLE STATEMENT
Title NetRegs
Medium [electronic resource]
520 ## - SUMMARY, ETC.
Summary, etc. Provides free environmental guidance for small businesses in the UK, including those involved in construction, agriculture, waste management and minerals/mining. Includes key pieces of current and future environmental legislation and provides access to guidance via business type and environmental topic. Also includes application forms and guidance for various consents, NetRegs surveys, pollution prevention guidelines, and links to relevant organisations and information sources.
590 ## - LOCAL NOTE (RLIN)
Local note KA
651 #4 - SUBJECT ADDED ENTRY--GEOGRAPHIC NAME
Geographic name United Kingdom
Chronological subdivision
690 ## - LOCAL SUBJECT ADDED ENTRY--TOPICAL TERM (OCLC, RLIN)
Topical term or geographic name as entry element ENVIRONMENTAL AND LAND CONSULTANCY-ENVIRONMENTAL MANAGEMENT
710 2# - ADDED ENTRY--CORPORATE NAME
Corporate name or jurisdiction name as entry element Scottish Environment Protection Agency
9 (RLIN) 3523
710 2# - ADDED ENTRY--CORPORATE NAME
Corporate name or jurisdiction name as entry element Northern Ireland Environment Agency
9 (RLIN) 5728
856 40 - ELECTRONIC LOCATION AND ACCESS
Uniform Resource Identifier <a href="https://www.netregs.gov.uk/">https://www.netregs.gov.uk/</a>
Public note View the website free of charge at www.netregs.gov.uk...
942 ## - ADDED ENTRY ELEMENTS (KOHA)
Suppress in OPAC 0
Holdings
Withdrawn status Lost status Source of classification or shelving scheme Damaged status Not for loan Home library Current library Shelving location Date acquired Total Checkouts Full call number Barcode Date last seen Copy number Price effective from Koha item type
    Dewey Decimal Classification     Virtual Virtual Online 05/02/2007   WEB SITE 136499-2001 06/08/2019 1 06/08/2019 Online material